Die Einheit der Wissenschaft
Saved in:
| Main Author: | |
|---|---|
| Format: | Book |
| Language: | German |
| Published: |
Stuttgart :
Kohlhammer,
[1955]
|
| Series: | Urban Bucher ;
; 18 |
| Subjects: | |
| Tags: |
Add Tag
No Tags, Be the first to tag this record!
|
MARC
| LEADER | 00000cam a2200000 i 4500 | ||
|---|---|---|---|
| 001 | 1/39519 | ||
| 008 | 061219s1955 ger d | ||
| 035 | |l 10086610 | ||
| 040 | |a GR-MY-UA |b gre |e aacr | ||
| 041 | 0 | |a ger | |
| 082 | 0 | |a 112 |2 (22) | |
| 100 | 1 | |a Dempf, Alois, |d 1891-1984. | |
| 245 | 1 | 4 | |a Die Einheit der Wissenschaft / |c Alois Dempf |
| 260 | |a Stuttgart : |b Kohlhammer, |c [1955] | ||
| 300 | |a 175 σ.; |c 18 εκ. | ||
| 490 | 1 | |a Urban Bucher |v ; 18 | |
| 500 | |a Με: Philosophie und Naturwissenschaft / Wilhelm Szilasi | ||
| 650 | 0 | 0 | |a Science |x Philosophy. |
| 650 | 0 | 0 | |a Education |x Philosophy. |
| 830 | 0 | |a Urban Bucher ; |v ; 18 | |
| 852 | |a INST |b RHODES |c KRI |e 20061219 |h 112 SZI |p 005400027343 |q 005400027343 |t BK |y 0 | ||
| 901 | |a BIBL4-2006-3 | ||
| 909 | |a Ρ |b 123683 | ||
| 970 | |a ΚΟΖΑ |b ΜΑΡΙΑ |z 2006/12/19 | ||